000 02583cam a2200325 i 4500
001 112935
005 20230410124135.0
008 130905b2008 sp a 000 0 spa
020 _a9788434428904
020 _a8434428903
041 0 _aspa
050 1 4 _aNA 8300
_bG393 2008
082 0 0 _a712
245 0 0 _aGestión del paisaje :
_bmanual de protección, gestión y ordenación del paisaje /
_cJaume Busquets y Albert Cortina (coords.).
260 _aBarcelona :
_bAriel,
_c2008.
300 _axxxvii, 703 p., [32] p. de lám. col. y n. :
_bil. col. y n., mapas, planos ;
_c24 cm.
440 0 _aAriel patrimonio.
504 _aIncluye referencias bibliográficas
505 _aLa gestión del paisaje como proceso -- Paisajes urbanos -- Paisajes metropolitanos -- Paisajes agrarios -- Paisajes temáticos -- Paisajes litorales -- Paisajes forestales -- El análisis semiótico del paisaje -- La ciencia del paisaje -- La evaluación ambiental del paisaje -- La dimensión patrimonial del paisaje -- La interpretación del paisaje urbano -- La dimensión social del paisaje -- La dimensión económica del paisaje -- El proyecto de paisaje -- El Convenio Europeo del Paisaje -- La regulación jurídica del paisaje -- La participación, mediación y concertación en paisaje -- El paisaje en la planificación territorial y urbanística -- Los catálogos de paisaje -- Las cartas del paisaje -- Los estudios de impacto e integración paisajística -- La formación de expertos en gestión del paisaje -- Plan territorial insular de Menorca -- Directrices de ordenación del paisaje de la comarca noroeste de la región de Murcia -- Plan director para la estructuración del espacio público de Manresa -- Plan especial de la zona volcánica de la Garrotxa -- Ordenanza de paisaje urbana de Barcelona -- Proyecto de gestión del paisaje vitivinícola del Alt Penedés -- Plan estratégico de desarrollo turístico de Boa Vista -- Programa educativo del paisaje de la reserva de la biosfera de Urdaibai -- Proyecto de parque patrimonial fluvial del Ter -- Proyecto de parque agrario del Baix Llobregat -- Proyectos de arquitectura del paisaje -- Glosario de la gestión del paisaje.
650 4 _aArquitectura del paisaje
650 4 _aPaisaje
_xProtección
650 4 _aPaisaje
_xProtección
_zEspaña.
650 0 _aUrban landscape architecture.
650 0 _aUrban landscape architecture
_zSpain.
650 0 _aLandscape architecture.
650 0 _aLandscape design.
700 1 _aBusquets Fàbregas, Jaume
700 1 _aCortina Ramos, Albert
942 _2lcc
_cbk
999 _c71790
_d71790